zpět

Detail výsledku týmu

U Lucerny ČT, Brno

Datum a čas kvízu

31 Celkem bodů Celkový počet nahraných bodů na tomto kvízu bez doplňovacích otázek.
9. Pořadí na kvízu Konečné umístění týmu na tomto kvízu.

Zaznamenané odpovědi

# Otázka Odpověď Body Výsledky
1. Jeden z vysokých ústavních čin... Radek Vondráček 1
2. Norští archeologové našli v le... lyže 0
3. Nakladatelství DC Comics, kter... Superman 1
4. Po 75 letech existence minulý... Alitalia 0
5. Jak se jmenuje desetiletý ryzá... Talent 1
6. Pokřín obecný je rostlina, kte... mandragora 1
7. Túje, dřevina z rodu cypřišovi... zerav 1
8. Vigna zlatá je rostlina z čele... mungo 1
9. Ledvinovník západní je tropick... oříšky kešu 0
10. Kterým slovem na S obecně ozna... sukulenty 1